美國州測驗-繁中版 - Statistics

General Stats
  • This quiz has been taken 11 times
  • The average score is 31 of 50
Answers on the Map
Answers color-coded by a green-red scale on the quiz's map according to % correct below.
 
Answer Stats
State % Correct
加利福尼亞州
100%
佛羅里達州
100%
德克薩斯州
100%
華盛頓州
100%
阿拉斯加州
83%
科羅拉多州
83%
夏威夷州
83%
明尼蘇達州
83%
蒙大拿州
83%
內華達州
83%
新墨西哥州
83%
紐約州
83%
俄亥俄州
83%
奧勒岡州
83%
賓夕法尼亞州
83%
阿肯色州
67%
路易斯安那州
67%
緬因州
67%
紐澤西州
67%
北卡羅來納州
67%
北達科他州
67%
羅德島州
67%
南卡羅來納州
67%
南達科他州
67%
猶他州
67%
維吉尼亞州
67%
西維吉尼亞州
67%
阿拉巴馬州
50%
喬治亞州
50%
愛達荷州
50%
伊利諾伊州
50%
愛荷華州
50%
堪薩斯州
50%
肯塔基州
50%
麻薩諸塞州
50%
密西根州
50%
密西西比州
50%
密蘇里州
50%
內布拉斯加州
50%
奧克拉荷馬州
50%
佛蒙特州
50%
懷俄明州
50%
康乃狄克州
33%
印第安納州
33%
馬里蘭州
33%
新罕布夏州
33%
田納西州
33%
威斯康辛州
33%
亞歷桑納州
17%
德拉威爾州
0%
No matching quizzes found
Score Distribution
Percent of People with Each Score
Percentile by Number Answered
Your Score History
You have not taken this quiz